ბათუმის შოთა რუსთაველის სახელმწიფო უნივერსიტეტის ბიბლიოთეკა

Birbirimizle Konuşmar: Türkiye ve Ermenistag" da Kisiel Beller Anlatilari (ბიბ.ჩანაწერი № 36440)

000 -LEADER
fixed length control field 00754nam a2200205Ia 4500
001 - CONTROL NUMBER
control field 2355
003 - CONTROL NUMBER IDENTIFIER
control field GE_BSU
005 - DATE AND TIME OF LATEST TRANSACTION
control field 20221027111202.0
008 - FIXED-LENGTH DATA ELEMENTS--GENERAL INFORMATION
fixed length control field 181216s2010tu xx |||||||||||||| ||tur||
020 ## - INTERNATIONAL STANDARD BOOK NUMBER
International Standard Book Number 9783885137795
040 ## - CATALOGING SOURCE
Transcribing agency GE_BSU
041 ## - LANGUAGE CODE
Language code of text/sound track or separate title tur
080 ## - UNIVERSAL DECIMAL CLASSIFICATION NUMBER
Universal Decimal Classification number 94(479.25) B-61
245 ## - TITLE STATEMENT
Title Birbirimizle Konuşmar: Türkiye ve Ermenistag" da Kisiel Beller Anlatilari
264 ## - PRODUCTION, PUBLICATION, DISTRIBUTION, MANUFACTURE, AND COPYRIGHT NOTICE
Date of production, publication, distribution, manufacture, or copyright notice 2010.
300 ## - PHYSICAL DESCRIPTION
Extent 168 c.:
653 ## - INDEX TERM--UNCONTROLLED
keyword Birbirimizle Konuşmar: Türkiye ve Ermenistag" da Kisiel Beller Anlatilari
653 ## - INDEX TERM--UNCONTROLLED
keyword ჩვენ ვესაუბრებით ერთმანეთს: პირადი ბელერის ნარატივები თურქეთსა და სომხეთში
942 ## - ADDED ENTRY ELEMENTS (KOHA)
Koha item type წიგნი
Source of classification or shelving scheme
ეგზემპლარები
Withdrawn status Lost status Source of classification or shelving scheme Damaged status Not for loan Permanent Location Current Location Shelving location Date acquired Cost, normal purchase price Full call number Barcode Date last seen Copy number Price effective from Koha item type Public note
          ბათუმის შოთა რუსთაველის სახელმწიფო უნივერსიტეტის მთავარი ბიბლიოთეკა ბათუმის შოთა რუსთაველის სახელმწიფო უნივერსიტეტის მთავარი ბიბლიოთეკა წიგნსაცავი 2018-12-17 15.00 94(479.25) B-61 4536 2018-12-17 4536 2018-12-17 წიგნი 15.00
          ბათუმის შოთა რუსთაველის სახელმწიფო უნივერსიტეტის მთავარი ბიბლიოთეკა ბათუმის შოთა რუსთაველის სახელმწიფო უნივერსიტეტის მთავარი ბიბლიოთეკა წიგნსაცავი 2018-12-17 15.00 94(479.25) B-61 4538 2018-12-17 4538 2018-12-17 წიგნი 15.00